The best poems ever / (Record no. 4601)

MARC details
000 -LEADER
fixed length control field 00868nam a22002537a 4500
001 - CONTROL NUMBER
control field 4601
003 - CONTROL NUMBER IDENTIFIER
control field FISKH
005 - DATE AND TIME OF LATEST TRANSACTION
control field 20240918081536.0
008 - FIXED-LENGTH DATA ELEMENTS--GENERAL INFORMATION
fixed length control field 240918b cb ||||| |||| 00| 0 eng d
020 ## - INTERNATIONAL STANDARD BOOK NUMBER
International Standard Book Number 9780439296748
040 ## - CATALOGING SOURCE
Original cataloging agency FISKH
Language of cataloging eng
Transcribing agency FISKH
Modifying agency FISKH
050 ## - LIBRARY OF CONGRESS CALL NUMBER
Classification number PN6109.B47
082 ## - DEWEY DECIMAL CLASSIFICATION NUMBER
Edition number 808.81
100 ## - MAIN ENTRY--PERSONAL NAME
Personal name S.Mesmer, Edric
245 ## - TITLE STATEMENT
Title The best poems ever /
Statement of responsibility, etc. a collection of poetry's greatest voices Edited by Edric S.Mesmer
250 ## - EDITION STATEMENT
Edition statement First paperback printing in 2008
260 ## - PUBLICATION, DISTRIBUTION, ETC.
Place of publication, distribution, etc. New York :
Name of publisher, distributor, etc. Scholastic,
Date of publication, distribution, etc. 2008.
300 ## - PHYSICAL DESCRIPTION
Extent 74 pages :
Dimensions 18cm
520 ## - SUMMARY, ETC.
Summary, etc. Includes poems by Emily Dickinson, Edgar Allan Poe, William Shakespeare, Sylvia Plath, Walt Whitman, Pablo Neruda, Lucille Clifton, Elizabeth Barret Browning and more.
650 ## - SUBJECT ADDED ENTRY--TOPICAL TERM
Source of heading or term Poems
Topical term or geographic name entry element Young adult
650 ## - SUBJECT ADDED ENTRY--TOPICAL TERM
Source of heading or term Non-fiction
Topical term or geographic name entry element Language arts
942 ## - ADDED ENTRY ELEMENTS (KOHA)
Source of classification or shelving scheme Dewey Decimal Classification
Koha item type Books
Suppress in OPAC No
Holdings
Withdrawn status Lost status Source of classification or shelving scheme Damaged status Not for loan Home library Current library Shelving location Date acquired Total Checkouts Full call number Barcode Date last seen Date last checked out Copy number Price effective from Koha item type
    Dewey Decimal Classification     Footprints International School Library Network Toul Kork Campus Footprints International School Library Network Toul Kork Campus TTP Secondary Non-Fiction Bookshelves 09/18/2024 1 MES 808.81 PN6109.B47 2024-1995 09/18/2024 09/18/2024 1 09/18/2024 Books